00668nam a2200181 i 4500001000300000245009100003260004800094300008100142650002400223700002600247020002300273020002300296040000800319041000800327080001200335008004100347856009800388bg00aWielka encyklopedia PWN. /c[red. nacz. Jan Wojnowski]n28,traszki-Warszawska Kotlina. aWarszawa :bWydaw. Naukowe PWN,ccop. 2005. a576 s. :bil. (gł. kolor.), fot., mapy, portr., rys., tab., wykr. ;c30 cm. 9aEncyklopedia polska1 aWOJNOWSKI, Jan.eRed. a8301143630 (t. 28) a8301133570 (30 t.) cBPK0 apol a0/9(03) s pl f |000 0 pol  uhttp://koha.tu.koszalin.pl/cgi-bin/koha/opac-detail.pl?biblionumber=46063yKatalog online BPK